000 00333pab a2200157 454500
008 180718b2014 xxu||||| |||| 00| 0 eng d
100 _aSaxena, N.C.
245 _aChildren of a lesser god
260 _c2014
300 _ap.14-18.
362 _aSep
650 _aTribes
773 _aSeminar
908 _aN
909 _a105390
999 _c105385
_d105385